|
|
|
|
| LEADER |
00000cam a2200000 a 4500 |
| 001 |
UCE5539 |
| 003 |
CL-VaPUC |
| 008 |
150123e20100000us |||||||||||||||||eng|d |
| 020 |
|
|
|a 9780849392474
|
| 082 |
0 |
4 |
|a 620.004
|b MOD
|2 21
|
| 100 |
|
|
|a Modarres, Mohammad
|e autor
|9 604715
|
| 700 |
0 |
|
|a Kaminskiy, Mark
|e author
|9 578198
|
| 700 |
0 |
|
|a Krivtsov, Vasiliy
|e author
|9 578199
|
| 245 |
1 |
0 |
|a Reliability engineering and risk analysis: a practical guide
|
| 250 |
|
|
|a 2a. ed
|
| 300 |
|
|
|a 454 p
|
| 942 |
|
|
|c BK
|
| 945 |
|
|
|d 20150123 15:06:00
|a dcastane
|
| 260 |
|
|
|a Boca Ratón
|b CRC Press
|c 2010
|
| 650 |
|
7 |
|a MATEMATICA ESTADISTICA
|2 CL-VaPUC
|9 534830
|
| 650 |
|
0 |
|a Análisis de riesgo
|9 578200
|
| 650 |
|
0 |
|a Métodos estadísticos
|9 259407
|
| 583 |
|
|
|a last modification
|c 20150326 12:23:53
|k Rodrigo Vera
|
| 999 |
|
|
|c 358229
|d 358227
|
| 952 |
|
|
|0 0
|1 0
|2 ddc
|3 erd
|4 0
|6 620_004000000000000_MOD_2010
|7 0
|8 A
|9 466832
|a BIBING
|b BIBING
|c RES
|i 5136156
|o 620.004 MOD 2010
|p 5136156
|r 2025-01-20
|w 2019-11-23
|y BK
|z Catalogado en:20150123
|k EII
|